000 00646nam a2200181 a 4500
001 000003498
005 20200929150449.0
008 090709s2008 dr 001 0 spa d
020 _a9789945415223
040 _aDO-SdBNP
_bspa
_cBNPHU
082 _axxx
_bG216g
100 1 _aGarcía, Gladis Graciela
_910872
245 1 0 _aGuía didáctica del Libro :
_bconstitución, democracia y ciudadanía /
_cGladis Graciela García, Manuel Alejandro Valerio Jiminián.
260 _aSanto Domingo :
_bConsorcio de Educación Cívica,
_c2008.
300 _a169 p. ;
_c26 cm.
500 _aIncluye índice
700 1 _aValerio Jiminián, Manuel Alejandro
_910873
999 _c3326
_d3326